| 000 | 00533nam a2200217Ia 4500 | ||
|---|---|---|---|
| 003 | OSt | ||
| 005 | 20220924143117.0 | ||
| 006 | a|||||r|||| 00| 0 | ||
| 007 | ta | ||
| 008 | 220923b |||||||| |||| 00| 0 urd d | ||
| 024 | _a306678 | ||
| 037 | _cTextual | ||
| 040 |
_aARTS _cARTS _burd |
||
| 041 |
_2urd _aurd |
||
| 082 | _aa3168.5,N3, 168N39 | ||
| 100 |
_aShafig _9214784 |
||
| 245 | 0 | _aFehrist kutub | |
| 260 | _c1993 | ||
| 942 |
_ha3168.5,N3, 168N39 _cTEXL _2CC |
||
| 999 |
_c453167 _d453167 |
||